00307cam a22001097a 4500008004000000082001300040100002100053245005100074260004200125300000900167650002100176180718b1926 xxu||||| |||| 00| 0 eng d aA99 Iy9t aIyar, C.S. Ranga aThree years in the Assemblycby C.S.Ranga Iyar aLucknowbIndian Daily Telegraphc1926 a63p. aIyer, C.S. Ranga